| 000 | 00944nam a22003017a 4500 | ||
|---|---|---|---|
| 001 | 7580 | ||
| 003 | FISKH | ||
| 005 | 20250724142746.0 | ||
| 008 | 250724b cb ||||| |||| 00| 0 eng d | ||
| 020 | _a9780316473286 | ||
| 040 |
_aDLC _cDLC _dDLC _beng |
||
| 050 | _aPZ7 J | ||
| 082 | _a 823.9 | ||
| 100 | 1 | _aJoos, Françoise | |
| 245 | 1 | 4 |
_aThe golden snowflake / _cby Françoise Joos ; illustrated by Frédéric Joos. |
| 250 | _aThis edition first published in 1991 | ||
| 260 |
_aBoston : _bLittle, Brown, _c1991. |
||
| 300 |
_a24 unnumbered pages : _bcolor illustrations ; _c24 cm |
||
| 505 | _aJ | ||
| 520 | _aA young snowman wishes to be the finder of a legendary snowflake that prevents its possessor from melting. | ||
| 521 | 8 |
_a500
_bLexile |
|
| 521 | 8 |
_aJ
_bRaz-Plus |
|
| 650 | 1 |
_aSnowmen _xFiction. |
|
| 650 | 1 |
_aSnow _xFiction. |
|
| 700 | 1 |
_aJoos, Frédéric _eillustrator |
|
| 942 |
_2ddc _cBK _n0 |
||
| 999 |
_c7580 _d7580 |
||